01619cam a22003497i 450000100090000000300050000900500170001400800410003101000170007202000300008902000270011903500240014604000590017004200140022908200160024310000310025924501160029026400440040630000440045033600210049433600280051533700250054333800230056850504310059165000370102265000140105965000400107365000630111370000310117670000300120770000320123718221924NUST20230103095224.0140711s2015 maua 001 0 eng d a 2014945698 a9781305271029 (paperback) a1305271025 (paperback) a(OCoLC)ocn894138824 aYDXCPbengcYDXCPerdadCLEdIADdOQXdLETdOCLCFdDLC alccopycat04a629.892,PRA1 aPrayaga, Lakshmi,eauthor.10aRobotics :ba project-based approach /cLakshmi Prayaga, Chandra Prayaga, Alex Whiteside, and Ramakrishna Suri. 1aBoston, MA :bCengage Learning,c[2015] axi, 221 pages :billustrations ;c23 cm atext2rdacontent astill image2rdacontent aunmediated2rdamedia avolume2rdacarrier aIntroduction to robotics (Page-1), Build your own robot sweeper (Page-11), Traveling robot (Page-33), Intruder alarm (Page-57), Robot networking and communication with Wi-Fi (Page-73), Robot medical assistant (Page-89), Data logger (Page-101), Remote contorlled user interfaces (Page-121), Security robot (Page-141), Light and sound (Page-149), Android app controlller (Page-169), Additional robotics applications (Page-199),  0aRobotsxDesign and construction. 0aRobotics. 7aRobotics.2fast0(OCoLC)fst01098997 7aRobotsxDesign and construction.2fast0(OCoLC)fst010990541 aPrayaga, Chandra,eauthor.1 aWhiteside, Alex,eauthor.1 aSuri, Ramakrishna,eauthor.